000 00531cas a22002055a 4500
001 L137125
008 070315c2004 xxkqr p 0 a0eng u
022 1 _a1744-8905
035 _a(Sirsi) u137125
041 0 _aeng
110 2 0 _aCampaign to Protect Rural England
_94718
245 0 0 _aFieldwork
260 _aLondon
_bCPRE
_c2004-
362 0 _a1(3) June 2004-
520 _aKept for one year
554 _aFour per year
651 4 _aEngland and Wales
_y1543-
690 _aPROPERTY-RURAL AND NATURAL ASSETS
942 _n0
999 _c118879
_d118879